Tu vas me manquer-Maitre Gims - Statistiques

Statistiques générales
  • Ce quiz a été pris 360 fois
  • Le résultat moyen est 199 sur 255
Statistiques - réponses
Réponse % Correct
ma
99%
me
98%
tu
97%
à
96%
de
96%
je
95%
Je
95%
manquer
94%
vas
94%
un
93%
Encore
92%
encore
92%
ce
91%
que
91%
une
91%
comme
89%
ta
89%
le
87%
si
87%
te
87%
tout
86%
Tout
86%
la
85%
matinée
85%
ne
84%
rentrer
83%
t'allais
83%
dans
82%
t'attends
82%
as
81%
et
81%
les
81%
mes
81%
ça
80%
pas
80%
mais
79%
avenir
78%
laissé
78%
revoir
78%
devenir
77%
j'en
77%
mots
77%
perds
77%
vais-je
77%
espoir
76%
mon
76%
passe
76%
proche
76%
vide
76%
comment
75%
garde
75%
m'demander
75%
par
75%
qui
75%
semble
75%
journée
74%
souvenirs
74%
faux
73%
hanter
73%
plus
73%
combler
72%
fait
72%
fenêtre
72%
rentres
72%
cessent
71%
j'vais
71%
longtemps
71%
avec
70%
j'attends
70%
mémoire
70%
disparais
69%
regarder
69%
temps
69%
toujours
69%
longue
68%
passer
68%
personne
68%
vois
68%
confier
67%
pense
67%
toi
67%
d'être
66%
n'ai
65%
j'n'ai
64%
n'te
64%
nuit
64%
promet
64%
manques
62%
j'ai
61%
sens
61%
ton
61%
son
60%
cette
58%
cauchemar
57%
voix
57%
solitude
56%
toute
56%
années
54%
passent
54%
chance
53%
l'impression
53%
t'attendrais
53%
t'avoir
53%
j'avais
52%
quel
52%
tellement
52%
d'entendre
51%
point
51%
parfois
50%
réalise
50%
replonge
50%
réver
50%
retour
47%
corps
46%
n'peux
44%
sans
44%
l'réveil
42%
absence
41%
porter
40%
quand
40%
qu'on
40%
tant
40%
aux
39%
avait
39%
discussions
39%
j'attendrais
38%
soirs
38%
supportera
38%
matins
37%
j'repense
33%
m'ennuie
32%
sourris
32%
Aucun quiz correspondant
Distribution des résultats
% des personnes avec chaque résultat
Percentile par nombre de réponses
Votre historique - résultats
Vous n’avez pas pris ce quiz